000 00313nam a22001337a 4500
008 170502b xxu||||| |||| 00| 0 eng d
020 _a9780870848605
041 _aeng
080 _24 ED
_a343.9
100 _a13
101 _aSHJ
245 _aCRIMINAL JUSTICE REARCH SOURCES
_cTHURMAN.C.Q
942 _2udc
_cBK
999 _c12319
_d12319